000 00710nam a22002177a 4500
001 55368
003 UA-OsUOA
005 20211111095851.0
007 ta
008 20080911b un ||||| |||| 00| 0 ukr d
040 _aUA-OsUOA
_bukr
_cUA-OsUOA
_dUA-OsUOA
041 _aukr
080 _a94(477.82)
090 _a94(477.82)
_bМ62
245 _aМинуле та сучасне Волині та Полісся
_bнауковий збірник
_pЛуцька міська громада: історія, традиції, люди
_nВип. 26
260 _aЛуцьк
_c2007
300 _a252 с.
650 7 _a9 Географія. Біографії. Історія
_2UDC
942 _cBK
_2udc
955 _a2
999 _c341456
_d341456